| 000 | 00798nam a2200205 a 4500 | ||
|---|---|---|---|
| 999 |
_c2265 _d2265 |
||
| 001 | 2265 | ||
| 003 | BD-JhCC | ||
| 005 | 20171031172239.0 | ||
| 008 | 171031s1961 bg |||| |||| 000 0 ben d | ||
| 035 | _a(BD-JhCC)2265 | ||
| 040 |
_aBD-JhCC _dBD-JhCC |
||
| 041 | _aben | ||
| 082 |
_a891.4409 _bMUK 1961 |
||
| 100 | _aমুখোপধ্যায়, হরিদাস | ||
| 245 |
_aউপাধ্যায় ব্রহ্মবান্ধব ও ভারতীয় জাতীয়তাবাদ / _cহরিদাস মুখোপধ্যায় |
||
| 260 |
_aকলিকাতা : _bফার্মা কে এল মুখোপধ্যায় ; _c১৯৬১ |
||
| 300 |
_a২২৭ পৃ.: _c২২ সে.মি. |
||
| 650 | _aBengali Literature | ||
| 942 |
_2ddc _cBK |
||